000 00237nam a22001217a 4500
041 _aENG
100 _aR.L Earle
245 _aDairy and Food Engineering
260 _aDapoli
_bCAET
_c2004
300 _a265
650 _aAPE
856 _uAPE
999 _c3225
_d3225